000
00230nam a22000857a 4500
008
161201b xxu||||| |||| 00| 0 eng d
100
_9
1681
_a
Navdeep Publications
245
_a
General knowledge & I.Q Test
260
_a
New Delhi
_b
Navdeep
999
_c
4392
_d
4392